Discurso pronunciado en el banquete de Sevilla por el Excmo. Sr. Ministro de la Gobernación D. Francisco Romero y Robledo en... noviembre de 1880. (Record no. 163945)

MARC details
000 -LEADER
campo de control de longitud fija 00659nam a22001695i 4500
001 - NÚMERO DE CONTROL
campo de control 163945
003 - IDENTIFICADOR DE NÚMERO DE CONTROL
campo de control ES-MaACL
005 - FECHA Y HORA DE LA ÚLTIMA TRANSACCIÓN
campo de control 20250911063600.0
008 - DATOS DE LONGITUD FIJA--INFORMACIÓN GENERAL
campo de control de longitud fija 950206s1880 sp |||| | spa d
040 ## - FUENTE DE CATALOGACIÓN
Centro catalogador/agencia de origen CARM
100 1# - ENTRADA PRINCIPAL--NOMBRE DE PERSONA
Nombre de persona Romero Robledo, Francisco,
Fechas asociadas al nombre 1838-1906
9 (RLIN) 99432
245 10 - MENCIÓN DEL TÍTULO
Título Discurso pronunciado en el banquete de Sevilla por el Excmo. Sr. Ministro de la Gobernación D. Francisco Romero y Robledo en... noviembre de 1880.
260 ## - PUBLICACIÓN, DISTRIBUCIÓN, ETC.
Lugar de publicación, distribución, etc. Madrid :
Nombre del editor, distribuidor, etc. [s.n.],
Fecha de publicación, distribución, etc. [1880?] (
Fabricante Imprenta de El Diario Español)
300 ## - DESCRIPCIÓN FÍSICA
Extensión 27 p. ;
Dimensiones 20 cm.
852 ## - LOCALIZACIÓN
Ubicación ES-MaACL
Número de control de estantería T-418-F-5
Nota libre -- Enc. hol.
-- -- Enc. en un vol. facticio
Holdings
Estatus retirado Estado de pérdida Estado de daño No para préstamo Colección Biblioteca de origen Biblioteca actual Ubicación en estantería Fecha de adquisición Total de préstamos Signatura topográfica completa Código de barras Visto por última vez Precio de reemplazo Tipo de ítem Koha
        Colección de folletos Biblioteca del Ateneo de Madrid Biblioteca del Ateneo de Madrid Depósito folletos 17/01/2008   T-418-F-5 1171825 23/02/2023 23/02/2023 Folleto